Statistics for Countries Alphabet - Part Two

Click here to take the quiz!

General Stats

  • This quiz has been taken 23 times
  • The average score is 18 of 25

Answer Stats

Letter Cities Country % Correct
OSalalah, SeebOman
100%
ZKitwe, NdolaZambia
95%
YTaiz, AdenYemen
95%
QUmm Salal Ali, Al RayyanQatar
90%
TTürkmenabat, DaşoguzTurkmenistan
90%
IHaifa, Rishon LeZionIsrael
90%
RCluj-Napoca, TimișoaraRomania
90%
HDebrecen, SzegedHungary
90%
USalto, Ciudad de la CostaUruguay
85%
JZarqa, RusseifaJordan
85%
EGuayaquil, CuencaEcuador
80%
NHamhung, ChongjinNorth Korea
75%
DLa Vega, San CristóbalDominican Republic
75%
KPrizren, FerizajKosovo
70%
VLuganville, LakatoroVanuatu
70%
BPhuntsholing, GelephuBhutan
70%
FNasinu, Lautoka Fiji
65%
CLimassol, LarnacaCyprus
65%
AEscaldes-Engordany, Sant Julià de LòriaAndorra
60%
PCiudad del Este, San LorenzoParaguay
60%
GBatumi, KutaisiGeorgia
55%
LMafeteng, TeyateyanengLesotho
45%
W (part of a country)Casper, Rock SpringsWyoming
45%
SAnse Boileau, Anse RoyaleSeychelles
35%
MToamasina, FianarantsoaMadagascar
30%

Score Distribution

Percentile by Number Answered

Percent of People with Each Score

Your Score History

You have not taken this quiz